000 00921nam a2200253 i 4500
001 bg
100 1 _aKOBRYŃ, Andrzej
245 1 0 _aGeometryczne kształtowanie krzywoliniowych odcinków niwelety tras drogowych /
_cAndrzej Kobryń.
260 _aBiałystok :
_bDział Wydawnictw i Poligrafii PB,
_c1999.
300 _a174 s. :
_brys., wykr. ;
_c23 cm.
490 1 _aRozprawy Naukowe / Politechnika Białostocka,
_x0867-096X ;
_vnr 60
500 _aStreszcz. ang., niem.
504 _aBibliogr. s. 167-172.
650 9 _aDrogi
_xbudownictwo
_xprojekty
650 9 _aKrzywe
_xstosowanie
_xbudownictwo
650 9 _aNiwelacja
_xzagadnienia
650 9 _aWielomiany
_xstosowanie
_xbudownictwo
830 0 _aRozprawy Naukowe (Politechnika Białostocka) ;
_vnr 60
040 _cBPK
041 0 _apl
_bende
080 _a625.7/.8.001.13/.14:528.3/.4:514:512.6
942 _cKS
008 s pl f |000 0 pol
999 _c37993
_d37993
856 _uhttp://koha.tu.koszalin.pl/cgi-bin/koha/opac-detail.pl?biblionumber=37993
_yKatalog online BPK